00298nam a2200121Ia 4500008004100000100002400041245004500065260002200110300000800132650001200140942000700152999001700159190216s9999||||xx |||||||||||||| ||und|| aParama Hamsa Tiwari 0aUniversal Principles Of Space And Matter bOrient Publishers a187 aEnglish cBK c14339d14339